000 00680nam a2200217 i 4500
001 53883
003 ES-MaACL
005 20240420063023.0
007 t|
008 031117s1998 sp ||||1| spa d
020 _a84-89858-57-8
080 _a821.134.2-32"19"
100 0 _aMartínez Torrón, Diego,
_d1950-
_978451
245 1 0 _aLos sueños del Búho /
_cDiego Martínez Torrón.
260 _aCórdoba :
_bDiputación Provincial de Córdoba ;
_aMadrid :
_bHuerga & Fierro,
_c1998.
300 _a135 p. ;
_c22 cm.
490 1 _aNarrativa ;
_v143
830 0 _aNarrativa ;
_v143
_9177839
852 _aES-MaACL
_jL-26621
_bR.132211
999 _c53883
_d53883